Illustrated Unicorn & Fairy Stories (Record no. 8060)

MARC details
000 -LEADER
fixed length control field 00321nam a2200133Ia 4500
008 - FIXED-LENGTH DATA ELEMENTS--GENERAL INFORMATION
fixed length control field 260604s9999 xx 000 0 und d
020 ## - INTERNATIONAL STANDARD BOOK NUMBER
International Standard Book Number 9780709726548
082 ## - DEWEY DECIMAL CLASSIFICATION NUMBER
Classification number 808.3 WAT
100 ## - MAIN ENTRY--PERSONAL NAME
Personal name Brown Watson
9 (RLIN) 35291
245 #0 - TITLE STATEMENT
Title Illustrated Unicorn & Fairy Stories
260 ## - PUBLICATION, DISTRIBUTION, ETC.
Name of publisher, distributor, etc. SHREE
500 ## - GENERAL NOTE
General note Fairy Stories
942 ## - ADDED ENTRY ELEMENTS (KOHA)
Koha item type Book
Holdings
Date last seen Total Checkouts Full call number Barcode Cost, replacement price Price effective from Koha item type Lost status Damaged status Not for loan Withdrawn status Home library Current library Shelving location Date acquired Cost, normal purchase price BOOK NO
06/04/2026   808.3 WAT 003678 899.00 06/04/2026 Book         Indian Institute of Management Visakhapatnam Indian Institute of Management Visakhapatnam   06/04/2026 899.00 WAT

Copyright © 2024 Indian Institute of Management Visakhapatnam
Koha v23.05